| 000 | 00372 a2200169 4500 | ||
|---|---|---|---|
| 001 | 76219 | ||
| 020 | _a978-85-260-1114-4 | ||
| 040 | _cAnchieta - Colégio São Paulo | ||
| 100 | _aMeirelles, Cecília | ||
| 240 | 1 | 0 |
_aPé de poesia _lpor |
| 245 | 1 | 0 | _aPé de poesia |
| 300 | _a63 | ||
| 362 | 0 | _a2006 | |
| 440 | 1 | _aGlobal | |
| 650 | 4 | _aLiteratura juvenil | |
| 942 | _cBK | ||
| 999 |
_c76219 _d76219 |
||